01476cam a22004094i 4500003000900000005001700009008004100026020001500067035002700082040003300109082001900142245015300161264004600314300007700360336002100437337002500458338002300483505030600506526001000812526001000822526000900832526000900841526000900850526000900859526000900868526000900877526000900886526000800895526000800903526000800911526000800919526000800927630002700935650003100962700003100993700004201024PE-LiUPU20251117110446.0150616s r 000 0 d a847151351X a(Sirsi) i9788471513519 aPE-LiUPUbspacPE-LiUPUerda04a220.3bE5622100aEnciclopedia de la Biblia /c[directora Pat Alexander ; colaboradores, David Clineses.. et al. ; tradujo del inglés Pedro Rodríguez Santrián]. 1aNavarra :bEditorial Verbo Divino,c1983. a326 páginas :bilustraciones dibjs., mapas, fotos ;c25 centímetros atext2rdacontent aunmediated2rdamedia avolume2rdacarrier0 aEl entorno de la biblia -- Arqueología y biblia -- Historia de la biblia -- Temas y acontecimientos clave de la biblia -- Religión y culto en la biblia -- Personajes bíblicos -- Vida doméstica y familiar en la biblia -- Trabajo y sociedad en la biblia -- Lugares bíblicos -- Atlas bíblico. aSEG44 aSEG26 aP151 aP150 aP149 aP146 aP145 aP126 aP125 aP92 aP75 aP74 aP27 aP1514aBibliavEnciclopedias.24aReligiónvEnciclopedias.1 aAlexander, Pat,edirector.1 aSantidrián, Pedro R.,ecolaborador.